Indovina la casa della saga di Harry Potter - Statistics

Statistiche generali
  • Questo quiz è stato fatto 678 volte
  • Il punteggio medio è 23 su 23
Statistiche sulle risposte
Hint Risposta % Corretto
Draco Malfoy Serpeverde
100%
Vincent Tiger Serpeverde
100%
Lucius Malfoy Serpeverde
100%
Horace Lumacorno Serpeverde
100%
Tom Riddle Serpeverde
100%
Dolores Umbridge Serpeverde
100%
Bellatrix Lestrange Serpeverde
100%
Ron Weasley Grifondoro
99%
Sirius Black Grifondoro
99%
Remus Lupin Grifondoro
99%
Hermione Granger Grifondoro
99%
Harry Potter Grifondoro
99%
Dean Thomas Grifondoro
99%
Ginny Weasley Grifondoro
99%
Pomona Sprite Tassorosso
99%
Ninfadora Tonks Tassorosso
99%
Cedric Diggory Tassorosso
99%
Cho Chang Corvonero
98%
Gilderoy Allock Corvonero
98%
Sibilla Cooman Corvonero
98%
Luna Lovegood Corvonero
98%
Quirinus Raptor Corvonero
98%
Mirtilla Malcontenta Corvonero
98%
Nessun quiz corrispondente trovato
Distribuzione punteggi
Percentuale di utenti per punteggio
Percentile per numero di risposta
I tuoi punteggi nel tempo
Non hai fatto questo quiz